The story of the pakistan army (Record no. 593146)
[ view plain ]
| 000 -LEADER | |
|---|---|
| fixed length control field | 00336 a2200145 4500 |
| 001 - CONTROL NUMBER | |
| control field | 47288 |
| 003 - CONTROL NUMBER IDENTIFIER | |
| control field | NUST |
| 082 ## - DEWEY DECIMAL CLASSIFICATION NUMBER | |
| Classification number | 355.95491 |
| Author Mark | KHA 1963 |
| 100 ## - MAIN ENTRY--PERSONAL NAME | |
| Personal name | Fazal Muqeem, K |
| 9 (RLIN) | 108687 |
| 245 ## - TITLE STATEMENT | |
| Title | The story of the pakistan army |
| Statement of responsibility, etc. | Fazal M Khan |
| 260 ## - PUBLICATION, DISTRIBUTION, ETC. | |
| Place of publication, distribution, etc. | Karachi |
| Name of publisher, distributor, etc. | Oxford |
| 300 ## - PHYSICAL DESCRIPTION | |
| Extent | 250p. |
| 500 ## - GENERAL NOTE | |
| General note | Photocopy |
| 942 ## - ADDED ENTRY ELEMENTS (KOHA) | |
| Institution code [OBSOLETE] | NUST |
| Source of classification or shelving scheme | |
| Withdrawn status | Lost status | Source of classification or shelving scheme | Damaged status | Not for loan | Permanent Location | Current Location | Shelving location | Date acquired | Total Checkouts | Full call number | Barcode | Date last seen | Price effective from |
|---|---|---|---|---|---|---|---|---|---|---|---|---|---|
| Centre for International Peace & Stability (CIPS) | Centre for International Peace & Stability (CIPS) | General Stacks | 06/26/209 | 355.95491 KHA 1963 | CIPS0002916 | 02/07/2023 | 02/07/2023 |
